Assessing the service quality dimensions: an empirical study of management education institutions (Record no. 510395)

000 -LEADER
fixed length control field 00528nam a22001577a 4500
008 - FIXED-LENGTH DATA ELEMENTS--GENERAL INFORMATION
fixed length control field 190814b ||||| |||| 00| 0 eng d
100 ## - MAIN ENTRY--PERSONAL NAME
Personal name Kapooria, Pallavi (Joshi)
245 ## - TITLE STATEMENT
Title Assessing the service quality dimensions: an empirical study of management education institutions
260 ## - PUBLICATION, DISTRIBUTION, ETC. (IMPRINT)
Date of publication, distribution, etc 2019
300 ## - PHYSICAL DESCRIPTION
Extent p.30-39.
650 ## - SUBJECT ADDED ENTRY--TOPICAL TERM
Topical term or geographic name as entry element Business management
9 (RLIN) 8324
700 ## - ADDED ENTRY--PERSONAL NAME
Personal name Jain, Chanchala
9 (RLIN) 8325
773 ## - HOST ITEM ENTRY
Main entry heading Prestige International Journal of Management and Research
906 ## - LOCAL DATA ELEMENT F, LDF (RLIN)
Subject DIP Management education
942 ## - ADDED ENTRY ELEMENTS (KOHA)
Item type Articles
Holdings
Withdrawn status Lost status Source of classification or shelving scheme Damaged status Not for loan Permanent location Current location Date acquired Serial Enumeration / chronology Barcode Date last seen Koha item type
          Indian Institute of Public Administration Indian Institute of Public Administration 2019-08-14 11(1), Jan, 2019: p.30-39. AR120285 2019-08-14 Articles

Powered by Koha